000 00638nam a2200217 i 4500
001 93552
003 ES-MaACL
005 20260129170024.0
007 t|
008 050413s1952 sp 00110 spa d
100 1 _aLópez-Amo, Angel.
_973400
245 1 3 _aLa monarquia de la reforma social /
_cÁngel López-Amo.
260 _aMadrid :
_bRialp,
_c1952.
300 _a314 p. ;
_c19 cm.
490 1 _aBiblioteca del pensamiento actual ;
_v19
650 4 _aMonarquía.
_915143
650 7 _aPolítica
_2embne
_9140345
830 1 _aBiblioteca del pensamiento actual
_v19
_9181187
852 _aES-MaACL
_jC-6070
999 _c93552
_d93552